Redes de Computadoras Internet e Interredes / Douglas E. Comer (Registro nro. 12724)
[ vista simple ]
| 000 -LÍDER | |
|---|---|
| fixed length control field | 00496nam a2200157 4500 |
| 008 - ELEMENTOS DE LONGITUD FIJA -- INFORMACIÓN GENERAL | |
| fixed length control field | 0 1997 0a 000 0MEX |
| 020 ## - NÚMERO INTERNACIONAL NORMALIZADO PARA LIBROS | |
| ISBN | 970-17-0021-X |
| 050 ## - SIGNATURA TOPOGRAFICA DE LA BIBLIOTECA DEL CONGRESO (LC) | |
| Número de Clasificación | TK5105.5 C5418 1997 |
| 082 ## - NUMERO DE CLASIFICACION DECIMAL DEWEY | |
| Número de Clasificación | 004.6 C627r |
| 100 ## - ASIENTO PRINCIPAL--NOMBRE PERSONAL | |
| Nombre personal | Comer, Douglas E. |
| 245 ## - TÍTULO | |
| Título | Redes de Computadoras Internet e Interredes / Douglas E. Comer |
| 260 ## - PUBLICACIÓN, DISTRIBUCIÓN, ETC. (PIE DE IMPRENTA) | |
| Lugar de publicación, distribución, etc. | México : Prentice-Hall |
| 300 ## - DESCRIPCIÓN FÍSICA | |
| Extensión | xix, 506 p. / 24 cm. |
| 500 ## - NOTA GENERAL | |
| Nota general | Contiene Ap‚ndice e Indice |
| 650 ## - ASIENTO SECUNDARIO DE MATERIA - TERMINO TEMÁTICO | |
| Término temático o nombre geográfico como elemento de entrada | 1.REDES DE COMPUTADORAS \ 2.INTERNET |
| No. biblioteca | No. biblioteca | Número de clasificación | Código de barras/Número de adquisición | Número de copia | Tipo de material |
|---|---|---|---|---|---|
| LUIS G. INCLAN | LUIS G. INCLAN | 004.6 C627r | 31949 | 2 | Libros |
| LUIS G. INCLAN | LUIS G. INCLAN | 004.6 C627r | 31948 | 1 | Libros |
| LUIS G. INCLAN | LUIS G. INCLAN | 004.6 C627r | 44169 | 3 | Libros |
| LUIS G. INCLAN | LUIS G. INCLAN | 004.6 C627r | 44170 | 4 | Libros |
| LUIS G. INCLAN | LUIS G. INCLAN | 004.6 C627r | 44532 | 5 | Libros |
